Don't Blame Me - Taylor Swift - Statistics

General Stats
  • This quiz has been taken 488 times
  • The average score is 406 of 471
Answer Stats
Answer % Correct
Blame
100%
Don't
100%
Me
100%
I
99%
Love
99%
Crazy
98%
A
97%
It
97%
You
97%
(You
97%
Made
96%
My
96%
Baby
95%
Baby)
95%
Be
95%
Doin'
95%
(Doin'
95%
If
95%
Is
95%
Right
95%
Right)
95%
Drug
94%
Of
94%
The
94%
For
93%
Life
93%
Lord
93%
Doesn't
92%
Rest
92%
Oh
90%
Oh!
90%
Oh!)
90%
Save
90%
Usin'
90%
Usin')
90%
Ain't
89%
I'll
89%
(I'll
89%
Time
89%
In
88%
To
87%
Your
84%
(Your
84%
I've
83%
And
81%
Been
81%
Just
76%
Long
76%
I'm
74%
Would
74%
On
73%
So
73%
Breakin'
72%
Was
71%
Hearts
69%
Touch
69%
Using
69%
(Using
69%
Mind
68%
No)
68%
But
67%
Every
67%
This
66%
With
66%
Stay
65%
Too
65%
You're
65%
Beg
64%
Guys
64%
Knees
64%
Lovin'
64%
Name
64%
Say
64%
I'd
63%
Line
63%
They
63%
Cross
62%
Doing
62%
Older
62%
Them
62%
Daisy
61%
Face
61%
Far
61%
Now
61%
First
60%
Toyin'
60%
Waste
60%
Whatever
60%
Decide
59%
From
59%
Gone
59%
Grace
58%
Mine
58%
Walk
58%
Away
57%
Ivy
57%
Lose
57%
Poison
57%
She's
57%
Call
56%
Fall
55%
Need
55%
Once
54%
Use
54%
Get
53%
Touchin'
53%
Echoes
52%
(Echoes)
52%
Halo
52%
High
52%
Something
52%
Gonna
51%
Paradise
51%
Happened
50%
Inside
50%
Shakin'
50%
Hiding
46%
Insane
46%
Darkest
45%
Obsession
44%
Little
41%
Playthings
40%
Trip
40%
Pacin'
29%
No matching quizzes found
Score Distribution
Percent of People with Each Score
Percentile by Number Answered
Your Score History
You have not taken this quiz